| 000 | 00572nam a2200205Ia 4500 | ||
|---|---|---|---|
| 001 | 10490 | ||
| 003 | IVS | ||
| 005 | 20250626030600.0 | ||
| 008 | 211022s9999 xx 000 0 und d | ||
| 040 | _cIVS | ||
| 082 | _a720 QUR | ||
| 100 | _aQuratul Ain Malick | ||
| 245 | 0 | _aTapping the Potential of an Urban Rooftop in Revitalizing the Urban Landscape | |
| 260 | _aKarachi | ||
| 260 | _bIndus Valley School | ||
| 260 | _c2012 | ||
| 300 | _a80 | ||
| 856 | _uhttps://drive.google.com/file/d/1Axv8HPcYIkpiOFVKDHOq5LNpcuTwv19J/view?usp=sharing | ||
| 942 |
_cDISS _n0 _2ddc |
||
| 999 |
_c11351 _d11351 |
||